| 000 | 00951nam a22002417a 4500 | ||
|---|---|---|---|
| 003 | OSt | ||
| 005 | 20130618133217.0 | ||
| 008 | 130605b2013 ve il. g ||||z00| 0 spa d | ||
| 010 | _a2012541596 | ||
| 020 | _a9789800304297 | ||
| 040 |
_cIAVH _bspa _dIAVH |
||
| 082 | _a333.85 | ||
| 100 | 1 |
_aBruckmann, Mónica _910 |
|
| 245 | 1 | 0 |
_aRecursos Naturales y la Geopolítica de la Integración Sudamericana _cMónica Bruckmann |
| 250 | _a1 ed. | ||
| 260 |
_aLima, Perú _bInstituto de Investigaciones Sociales Perumundo _bFondo Editorial José Carlos Mariátegui _c2012 |
||
| 300 |
_a147 p. _c21 cm. |
||
| 504 | _aIncluye bibliografía (147-154) | ||
| 520 | _aLa autora asume la discusión de uno de los temas estratégicos de la contemporaneidad en nuestra América: los recursos naturales y su demanda de explotación por el capital transnacional. | ||
| 650 | 0 |
_aRecursos Naturales _982 |
|
| 650 | 0 |
_aGeopolitica _xSudamerica _983 |
|
| 942 |
_2ddc _cIMPRESO |
||
| 999 |
_c7298 _d7298 |
||